LEADER 00806nas 2200301- 450 001 9910895151603321 005 20180730095125.4 011 $a2576-3067 035 $a(OCoLC)1015895057 035 $a(CKB)4100000011287620 035 $a(CONSER)--2017219867 035 $a(DE-599)ZDB3025807-8 035 $a(EXLCZ)994100000011287620 100 $a20171219a20189999 --- a 101 0 $aeng 135 $aur||||||||||| 181 $ctxt$2rdacontent 182 $cc$2rdamedia 183 $acr$2rdacarrier 200 00$aInternational educational research 210 1$aNew York, NY :$cIdeas Spread Inc.,$d2018- 311 $a2576-3059 517 1 $aIER 676 $a370.72 906 $aJOURNAL 912 $a9910895151603321 996 $aInternational educational research$94269170 997 $aUNINA